| 000 | 006150000a22001930004500 | ||
|---|---|---|---|
| 090 |
_aAR _b04077 |
||
| 245 | 1 | 0 | _aNectar "Theft" by hummingbird flower mites and its consequences for seed set in Moussonia deppeana |
| 650 | 1 | 4 |
_aPolinización _994027 |
| 650 | 1 | 4 |
_aRelación planta-animal _992861 |
| 650 | 1 | 4 |
_aSecreción de nectar _997919 |
| 650 | 1 | 4 |
_aColibrís _997916 |
| 651 | 4 |
_dVeracruz _pMéxico _992749 |
|
| 653 |
_gMoussonia _eMoussonia deppeana |
||
| 041 | 0 | _aInglés | |
| 700 | 1 |
_aOrnelas, J. F. _997920 |
|
| 100 | 1 |
_aLara, C. _997921 |
|
| 942 | _cARTICULO | ||
| 773 | 1 |
_tFunctional Ecology _q78-84 _d2001 _g15 |
|
| 999 |
_c13109 _d13109 |
||